Statistics for Biggest Coastal Cities in South America

Click here to take the quiz!

General Stats

  • This quiz has been taken 85 times
  • The average score is 10 of 14

Answer Stats

PopulationCity% Correct
12.7 milRio de Janeiro
99%
16.0 milBuenos Aires
97%
10.1 milLima
96%
3.78 milRecife
90%
1.84 milMontevideo
84%
3.68 milSalvador
84%
3.63 milFortaleza
77%
4.08 milPorto Alegre
77%
3.03 milGuayaquil
74%
2.03 milBarranquilla
70%
2.15 milBelém
62%
2.53 milMaracaibo
57%
1.70 milSantos
18%
1.82 milVitória
13%

Score Distribution

Percentile by Number Answered

Percent of People with Each Score

Your Score History

You have not taken this quiz